Test construction : (Record no. 66558)
[ view plain ]
| 000 -LEADER | |
|---|---|
| fixed length control field | 00816nam a2200241 a 4500 |
| 001 - CONTROL NUMBER | |
| control field | 66558 |
| 003 - CONTROL NUMBER IDENTIFIER | |
| rucl marc code | BD-RjUL |
| 005 - DATE AND TIME OF LATEST TRANSACTION | |
| control field | 20211209081544.0 |
| 008 - FIXED-LENGTH DATA ELEMENTS--GENERAL INFORMATION | |
| fixed length control field | 170318r19611960ohua b 001 0 eng d |
| 035 ## - SYSTEM CONTROL NUMBER | |
| System control number | (BD-RjUL) 66688 |
| 040 ## - CATALOGING SOURCE | |
| Original cataloging agency | DLC |
| Transcribing agency | DLC |
| Modifying agency | DLC |
| -- | BD-RjUL |
| Language of cataloging | eng |
| 041 ## - LANGUAGE CODE | |
| Language code of text/sound track or separate title | eng |
| 082 00 - DEWEY DECIMAL CLASSIFICATION NUMBER | |
| Edition number | 23 |
| Classification number | 371.261 |
| Author mark and year | WOT 1961 |
| 100 1# - MAIN ENTRY--PERSONAL NAME | |
| Personal name | Wood, Dorothy Adkins |
| Dates associated with a name | 1912- |
| 9 (RLIN) | 197008 |
| 245 10 - TITLE STATEMENT | |
| Title | Test construction : |
| Remainder of title | development and interpretation of achievement tests / |
| Statement of responsibility, etc. | Dorothy Adkins Wood |
| 260 ## - PUBLICATION, DISTRIBUTION, ETC. (IMPRINT) | |
| Place of publication, distribution, etc. | Columbus, Ohio : |
| Name of publisher, distributor, etc. | C. E. Merrill Books, |
| Date of publication, distribution, etc. | c1960 [1961]. |
| 300 ## - PHYSICAL DESCRIPTION | |
| Pagination | vi, [4],134 p. |
| Illustrations | ill. ; |
| Size | 21 cm. |
| 504 ## - BIBLIOGRAPHY, ETC. NOTE | |
| Bibliography, etc | Includes Index and Bibliography. |
| 650 #0 - SUBJECT ADDED ENTRY--TOPICAL TERM | |
| Topical term or geographic name as entry element | Examinations |
| General subdivision | Design and construction. |
| 9 (RLIN) | 197009 |
| Topical term or geographic name as entry element | Educational |
| General subdivision | Tests and measurements |
| 9 (RLIN) | 197010 |
| 942 ## - ADDED ENTRY ELEMENTS (KOHA) | |
| Source of classification or shelving scheme | Dewey Decimal Classification |
| Koha item type | Books |
| Lost status | Source of classification or shelving scheme | Damaged status | Not for loan | Collection code | Permanent Location | Current Location | Shelving location | Date acquired | Source of acquisition | Cost, normal purchase price | Total Checkouts | Full call number | Date last seen | Copy number | Koha item type |
|---|---|---|---|---|---|---|---|---|---|---|---|---|---|---|---|
| Dewey Decimal Classification | Not For Loan | Non-fiction | Central Library, University of Rajshahi | Central Library, University of Rajshahi | Reading Room | 09/07/1964 | Zeithlinger | 32.00 | 371.261 WOT 1961 | 18/03/2017 | C-1 | Books |